[Event "ITA-ch Seniors 50 44th"]
[Site "Macerata"]
[Date "2022.09.30"]
[Round "7"]
[White "Adinolfi, Vincenzo"]
[Black "Borgiani, Flavio"]
[Result "1/2-1/2"]
[WhiteElo "2027"]
[BlackElo "2065"]
[PlyCount "149"]
[EventDate "2022.09.25"]
[EventType "swiss"]
[EventRounds "9"]
[EventCountry "ITA"]
[SourceTitle "EXT 2024"]
[Source "ChessBase"]
[SourceDate "2023.10.10"]
[SourceVersion "1"]
[SourceVersionDate "2023.10.10"]
[SourceQuality "1"]

1. d4 d6 2. c4 e5 3. dxe5 dxe5 4. Qxd8+ Kxd8 5. Nc3 Be6 6. b3 Nd7 7. Nf3 f6 8. Bb2 c6 9. e3 Kc7 10. Be2 Nh6 11. 0-0 Nf7 12. Rfd1 Rd8 13. Rac1 Kb8 14. Ne4 Be7 15. c5 Bd5 16. Nd6 Bxd6 17. cxd6 Nxd6 18. Ba3 Nc8 19. Nd2 Ndb6 20. f4 exf4 21. exf4 Rhe8 22. Bg4 Be6 23. Bh5 g6 24. Bf3 Bd5 25. Bb2 Bxf3 26. Nxf3 Nd5 27. g3 Nd6 28. Rd2 Ne4 29. Re2 f5 30. Rce1 Nb4 31. Be5+ Kc8 32. Ba1 Nd3 33. Rd1 Rd5 34. Bd4 Nb4 35. a3 Na6 36. Rc1 Nc7 37. Re3 c5 38. Bb2 b6 39. b4 Kb7 40. Be5 Ne6 41. bxc5 N6xc5 42. Rc4 Red8 43. Rd4 Ne6 44. Rxd5 Rxd5 45. Kg2 Rd1 46. h3 Nc7 47. Bxc7 Kxc7 48. g4 fxg4 49. hxg4 Nf6 50. Kg3 Nd5 51. Re8 b5 52. Rh8 Nf6 53. g5 Ne4+ 54. Kg4 Rd7 55. f5 gxf5+ 56. Kxf5 Nd6+ 57. Ke6 Nc4 58. Ra8 Rd6+ 59. Ke7 Rd3 60. Nh4 Rxa3 61. Nf5 b4 62. Nd4 Re3+ 63. Kf6 b3 64. Nxb3 Kb7 65. Rh8 Rxb3 66. Rxh7+ Kb6 67. g6 Nd6 68. Ke6 Ne8 69. Kf7 Re3 70. Kf8 a5 71. Re7 Rxe7 72. Kxe7 Ng7 73. Kf6 Ne8+ 74. Ke7 Ng7 75. Kf6 1/2-1/2

[Event "ITA-ch Seniors 50 44th"]
[Site "Macerata"]
[Date "2022.09.27"]
[Round "3"]
[White "Mazzetta, Renato"]
[Black "Adinolfi, Vincenzo"]
[Result "0-1"]
[WhiteElo "1842"]
[BlackElo "2027"]
[PlyCount "114"]
[EventDate "2022.09.25"]
[EventType "swiss"]
[EventRounds "9"]
[EventCountry "ITA"]
[SourceTitle "EXT 2024"]
[Source "ChessBase"]
[SourceDate "2023.10.10"]
[SourceVersion "1"]
[SourceVersionDate "2023.10.10"]
[SourceQuality "1"]

1. e4 c5 2. Nc3 g6 3. g3 Nc6 4. Bg2 Bg7 5. d3 d6 6. Nge2 Nf6 7. h3 e5 8. 0-0 Nd4 9. f4 Bd7 10. fxe5 dxe5 11. Bg5 h6 12. Bxf6 Bxf6 13. Nd5 Bg7 14. Nxd4 cxd4 15. Qf3 Be6 16. c4 dxc3 17. bxc3 0-0 18. Rab1 b6 19. c4 Rc8 20. h4 h5 21. Kh2 Qd7 22. Qe3 Rc5 23. Rb3 Ra5 24. Rf2 Kh7 25. Qe2 Bg4 26. Bf3 f5 27. Bxg4 hxg4 28. Qf1 f4 29. gxf4 exf4 30. Nxf4 Be5 31. Kg2 Rxa2 32. Rxa2 Rxf4 33. Rf2 Qd6 34. Rxf4 Bxf4 35. Rb5 Qf6 36. Rd5 Kg8 37. Qf2 g3 38. Qg1 Qxh4 39. Qh1 Qf6 40. d4 Be3 41. Qe1 Bf2 42. Qh1 Bxd4 43. Kxg3 Be5+ 44. Kg2 Bd4 45. Qf1 Qxf1+ 46. Kxf1 Bc5 47. Rd7 a5 48. Ke2 a4 49. e5 a3 50. Kd3 Kf8 51. Ke4 Bb4 52. Rd1 Bc3 53. Rf1+ Ke7 54. Kd3 Bxe5 55. Re1 Kd6 56. Re2 g5 57. Kc2 a2 0-1

[Event "ITA-ch Seniors 50 44th"]
[Site "Macerata"]
[Date "2022.09.27"]
[Round "4"]
[White "Ottavi, Marco"]
[Black "Adinolfi, Vincenzo"]
[Result "1/2-1/2"]
[WhiteElo "1985"]
[BlackElo "2027"]
[PlyCount "79"]
[EventDate "2022.09.25"]
[EventType "swiss"]
[EventRounds "9"]
[EventCountry "ITA"]
[SourceTitle "EXT 2024"]
[Source "ChessBase"]
[SourceDate "2023.10.10"]
[SourceVersion "1"]
[SourceVersionDate "2023.10.10"]
[SourceQuality "1"]

1. e4 c5 2. Nf3 g6 3. d4 cxd4 4. Nxd4 Bg7 5. c4 Nc6 6. Be3 Nf6 7. Nc3 Ng4 8. Qxg4 Nxd4 9. Qd1 Ne6 10. Rc1 d6 11. Be2 Bd7 12. f4 Bc6 13. Bf3 0-0 14. 0-0 a5 15. b3 Nc5 16. Bd4 b6 17. Bxg7 Kxg7 18. Qd4+ Kg8 19. Nd5 Rb8 20. Rfd1 b5 21. cxb5 Bxd5 22. Qxd5 Rxb5 23. Be2 Rb8 24. e5 Qb6 25. Qd4 Ne6 26. Qxb6 Rxb6 27. exd6 exd6 28. g3 Ra8 29. Bf3 Ra7 30. Rc6 Rxc6 31. Bxc6 Ra6 32. Bb5 Rb6 33. Bc4 Kf8 34. Rd5 Nc5 35. f5 Ke7 36. fxg6 hxg6 37. Kg2 a4 38. bxa4 Rb4 39. Bb3 Nxb3 40. axb3 1/2-1/2

[Event "ITA-ch Seniors 50 44th"]
[Site "Macerata"]
[Date "2022.09.26"]
[Round "2"]
[White "Adinolfi, Vincenzo"]
[Black "Berra, Davide"]
[Result "0-1"]
[WhiteElo "2027"]
[BlackElo "2184"]
[PlyCount "42"]
[EventDate "2022.09.25"]
[EventType "swiss"]
[EventRounds "9"]
[EventCountry "ITA"]
[SourceTitle "EXT 2024"]
[Source "ChessBase"]
[SourceDate "2023.10.10"]
[SourceVersion "1"]
[SourceVersionDate "2023.10.10"]
[SourceQuality "1"]

1. Nf3 e6 2. c4 f5 3. g3 Nf6 4. Bg2 d6 5. d4 g6 6. b3 Bg7 7. Bb2 0-0 8. Nbd2 a5 9. a3 Qe7 10. Qc2 Nbd7 11. 0-0 e5 12. e4 f4 13. gxf4 Nh5 14. fxe5 dxe5 15. Kh1 Nf4 16. Rfe1 exd4 17. Bxd4 Bxd4 18. Nxd4 Nxg2 19. Kxg2 Qg5+ 20. Kh1 Rxf2 21. Rg1 Qxd2 0-1

[Event "Cattolica Halloween op"]
[Site "Cattolica"]
[Date "2021.10.27"]
[Round "1"]
[White "Petrov, Marian"]
[Black "Adinolfi, Vincenzo"]
[Result "1-0"]
[WhiteElo "2439"]
[BlackElo "2055"]
[PlyCount "23"]
[EventDate "2021.10.27"]
[EventType "swiss"]
[EventRounds "9"]
[EventCountry "ITA"]
[SourceTitle "CBM 204 Extra"]
[Source "ChessBase"]
[SourceDate "2021.11.30"]
[SourceVersion "1"]
[SourceVersionDate "2021.11.30"]
[SourceQuality "1"]

1. e4 c5 2. Nf3 g6 3. c3 d5 4. exd5 Qxd5 5. d4 Nc6 6. Be2 cxd4 7. cxd4 Bg7 8. Nc3 Qd8 9. d5 Ne5 10. 0-0 Bg4 11. Nxe5 Bxe2 12. Qxe2 1-0

[Event "Copenhagen Challenge"]
[Site "Ballerup"]
[Date "2018.04.29"]
[Round "9"]
[White "Shamin, Aleksey"]
[Black "Adinolfi, Vincenzo"]
[Result "1-0"]
[WhiteElo "2176"]
[BlackElo "2053"]
[PlyCount "41"]
[EventDate "2018.04.25"]
[EventType "swiss"]
[EventRounds "9"]
[EventCountry "DEN"]
[SourceTitle "CBM 184 Extra"]
[Source "ChessBase"]
[SourceDate "2018.06.28"]
[SourceVersion "1"]
[SourceVersionDate "2018.06.28"]
[SourceQuality "1"]

1. d4 Nf6 2. c4 e6 3. Nc3 Bb4 4. Qc2 c5 5. e3 b6 6. dxc5 bxc5 7. a3 Ba5 8. Bd2 0-0 9. Nf3 Bb7 10. Bd3 d5 11. 0-0 d4 12. Ne4 Bxd2 13. Nxf6+ Qxf6 14. Nxd2 dxe3 15. Bxh7+ Kh8 16. fxe3 Qg5 17. Be4 Qxe3+ 18. Kh1 Nc6 19. Rf3 Nd4 20. Rxe3 Nxc2 21. Rh3+ 1-0

[Event "Copenhagen Challenge"]
[Site "Ballerup"]
[Date "2018.04.28"]
[Round "7"]
[White "Jorgensen, Dennis"]
[Black "Adinolfi, Vincenzo"]
[Result "0-1"]
[WhiteElo "2164"]
[BlackElo "2053"]
[PlyCount "124"]
[EventDate "2018.04.25"]
[EventType "swiss"]
[EventRounds "9"]
[EventCountry "DEN"]
[SourceTitle "CBM 184 Extra"]
[Source "ChessBase"]
[SourceDate "2018.06.28"]
[SourceVersion "1"]
[SourceVersionDate "2018.06.28"]
[SourceQuality "1"]

1. Nf3 d5 2. e3 Nf6 3. c4 g6 4. b3 Bg7 5. Bb2 0-0 6. cxd5 Nxd5 7. Bxg7 Kxg7 8. Qc2 c6 9. Be2 Nd7 10. 0-0 e5 11. d3 Qe7 12. Nbd2 f6 13. Rac1 Rd8 14. Rfd1 Nf8 15. Qb2 Be6 16. d4 exd4 17. Nxd4 Bf7 18. Bc4 Nxe3 19. Re1 Nxc4 20. Nxc4 Qc5 21. Nf3 Re8 22. Ne3 Qa5 23. Ng4 Qf5 24. h3 Rxe1+ 25. Rxe1 Re8 26. Rxe8 Bxe8 27. Qd4 h5 28. Ne3 Qa5 29. g4 Ne6 30. Qe4 Bf7 31. Nc4 Qd5 32. Qxd5 cxd5 33. Nd6 hxg4 34. hxg4 Nd8 35. Nd4 Kf8 36. f4 Ne6 37. Ne2 Nd8 38. Nd4 Be8 39. Kf2 Bd7 40. N6b5 Bxg4 41. Nxa7 Bd7 42. Ke3 Ke7 43. a4 Kd6 44. b4 Ne6 45. a5 g5 46. Nf5+ Kc7 47. fxg5 fxg5 48. b5 b6 49. Ne7 bxa5 50. Nxd5+ Kb7 51. b6 a4 52. Kd2 g4 53. Nf6 Kxb6 54. Nxd7+ Kxa7 55. Kc3 g3 56. Ne5 g2 57. Nf3 Kb6 58. Kb4 Nc5 59. Ng1 Kc6 60. Nh3 Kd6 61. Ka3 Ke5 62. Kb4 Kf5 0-1

[Event "Copenhagen Challenge"]
[Site "Ballerup"]
[Date "2018.04.27"]
[Round "4"]
[White "Adinolfi, Vincenzo"]
[Black "Sorensen, Bernhard"]
[Result "1-0"]
[WhiteElo "2053"]
[BlackElo "1762"]
[PlyCount "93"]
[EventDate "2018.04.25"]
[EventType "swiss"]
[EventRounds "9"]
[EventCountry "DEN"]
[SourceTitle "CBM 184 Extra"]
[Source "ChessBase"]
[SourceDate "2018.06.28"]
[SourceVersion "1"]
[SourceVersionDate "2018.06.28"]
[SourceQuality "1"]

1. d4 e6 2. c4 f5 3. g3 Nf6 4. Bg2 d5 5. Nc3 c6 6. Nf3 Bd6 7. Bf4 0-0 8. Ne5 Nh5 9. c5 Bc7 10. Bd2 Nd7 11. f4 Nhf6 12. 0-0 Ne4 13. Nxe4 fxe4 14. b4 Nxe5 15. dxe5 b6 16. Bc3 bxc5 17. bxc5 Ba6 18. Rf2 Qe7 19. Qd4 Bc4 20. e3 Rab8 21. Bf1 Bxf1 22. Raxf1 Rb5 23. f5 exf5 24. Rxf5 Rxf5 25. Rxf5 Qe6 26. Rf1 Bd8 27. Qa4 a5 28. Bd4 Bc7 29. Qc2 Bxe5 30. Qf2 Bf6 31. Qf4 Qe7 32. Bxf6 gxf6 33. Qg4+ Kf7 34. Qh5+ Kg7 35. Qg4+ Kf7 36. Qf5 Kg7 37. Rf4 Rb1+ 38. Kg2 Rb2+ 39. Kh3 Qf7 40. Rg4+ Kf8 41. Qc8+ Ke7 42. Qc7+ Kf8 43. Qd8+ Qe8 44. Qxf6+ Qf7 45. Qd8+ Qe8 46. Rg8+ Kxg8 47. Qxe8+ 1-0

[Event "Copenhagen Challenge"]
[Site "Ballerup"]
[Date "2018.04.26"]
[Round "2"]
[White "Adinolfi, Vincenzo"]
[Black "Matthiesen, Martin"]
[Result "1/2-1/2"]
[WhiteElo "2053"]
[BlackElo "2330"]
[PlyCount "76"]
[EventDate "2018.04.25"]
[EventType "swiss"]
[EventRounds "9"]
[EventCountry "DEN"]
[SourceTitle "CBM 184 Extra"]
[Source "ChessBase"]
[SourceDate "2018.06.28"]
[SourceVersion "1"]
[SourceVersionDate "2018.06.28"]
[SourceQuality "1"]

1. d4 Nf6 2. c4 g6 3. Nc3 Bg7 4. e4 d6 5. h3 0-0 6. Bg5 c5 7. d5 e6 8. Bd3 exd5 9. Nxd5 h6 10. Bxf6 Bxf6 11. Nxf6+ Qxf6 12. Qd2 Nc6 13. Ne2 Ne5 14. Nc3 Be6 15. b3 Qg5 16. Qxg5 hxg5 17. 0-0-0 a6 18. Be2 Rfd8 19. h4 gxh4 20. Rxh4 Kg7 21. Rdh1 Rh8 22. Rxh8 Rxh8 23. Rxh8 Kxh8 24. f4 Nc6 25. Kd2 Kg7 26. Ke3 Nd4 27. Bd3 Kf6 28. Ne2 Nxe2 29. Bxe2 Bd7 30. a3 a5 31. a4 g5 32. g3 Kg6 33. Bf3 b6 34. f5+ Kf6 35. g4 Ke5 36. Be2 f6 37. Bd3 Bc6 38. Bc2 Bb7 1/2-1/2

[Event "Porto San Giorgio op"]
[Site "Porto San Giorgio"]
[Date "2017.08.29"]
[Round "7"]
[White "Calabrese, Claudio"]
[Black "Adinolfi, Vincenzo"]
[Result "0-1"]
[WhiteElo "2029"]
[BlackElo "2060"]
[PlyCount "66"]
[EventDate "2017.08.23"]
[EventType "swiss"]
[EventRounds "9"]
[EventCountry "ITA"]
[SourceTitle "CBM 180 Extra"]
[Source "ChessBase"]
[SourceDate "2017.10.06"]
[SourceVersion "1"]
[SourceVersionDate "2017.10.06"]
[SourceQuality "1"]

1. d4 Nf6 2. c4 e6 3. Nf3 Bb4+ 4. Bd2 Qe7 5. g3 Nc6 6. Bg2 Bxd2+ 7. Nbxd2 0-0 8. 0-0 d6 9. e4 e5 10. d5 Nb8 11. Ne1 a5 12. Nd3 Na6 13. Qc2 Nc5 14. b3 Nfd7 15. Nxc5 Nxc5 16. a3 f5 17. b4 axb4 18. axb4 Rxa1 19. Rxa1 Na6 20. Qc3 f4 21. f3 h5 22. c5 g5 23. Bf1 fxg3 24. hxg3 g4 25. cxd6 cxd6 26. Be2 gxf3 27. Nxf3 Qg7 28. Kg2 Qg4 29. Bxa6 bxa6 30. Qe3 Qh3+ 31. Kf2 Qh2+ 32. Ke1 Qxg3+ 33. Kd2 Rxf3 0-1

[Event "Porto San Giorgio op"]
[Site "Porto San Giorgio"]
[Date "2017.08.24"]
[Round "2"]
[White "Orfini, Nicolo"]
[Black "Adinolfi, Vincenzo"]
[Result "1-0"]
[WhiteElo "2222"]
[BlackElo "2060"]
[PlyCount "101"]
[EventDate "2017.08.23"]
[EventType "swiss"]
[EventRounds "9"]
[EventCountry "ITA"]
[SourceTitle "CBM 180 Extra"]
[Source "ChessBase"]
[SourceDate "2017.10.06"]
[SourceVersion "1"]
[SourceVersionDate "2017.10.06"]
[SourceQuality "1"]

1. e4 c5 2. c3 Nf6 3. e5 Nd5 4. d4 cxd4 5. Nf3 e6 6. cxd4 d6 7. Bc4 Nc6 8. 0-0 dxe5 9. dxe5 Be7 10. Qe2 Nb6 11. Rd1 Qc7 12. Bb3 Nd7 13. Bf4 Nc5 14. Bc4 a6 15. a4 b6 16. Nc3 Bb7 17. Rac1 Rd8 18. Rxd8+ Qxd8 19. Rd1 Qc8 20. Bg5 0-0 21. Bxe7 Nxe7 22. b4 Nxa4 23. Nxa4 b5 24. Nb6 Qc7 25. Nd7 Rd8 26. Qd3 Bxf3 27. Nf6+ gxf6 28. Qxd8+ Qxd8 29. Rxd8+ Kg7 30. Bxb5 axb5 31. gxf3 Nc6 32. exf6+ Kxf6 33. Rc8 Nxb4 34. Rc5 Nd5 35. Rxb5 Nf4 36. h4 h5 37. Kh2 Kg6 38. Kg3 Ne2+ 39. Kh2 Nf4 40. Rg5+ Kh6 41. Re5 Ng6 42. Re4 e5 43. Kg3 Kg7 44. f4 exf4+ 45. Rxf4 Nxf4 46. Kxf4 Kf6 47. f3 Ke6 48. Kg5 Ke5 49. Kxh5 Kf4 50. Kh6 Kxf3 51. Kg5 1-0

[Event "Copenhagen Challenge"]
[Site "Ballerup"]
[Date "2017.05.12"]
[Round "5"]
[White "Adinolfi, Vincenzo"]
[Black "Veng, Johny"]
[Result "0-1"]
[WhiteElo "2108"]
[BlackElo "2277"]
[PlyCount "132"]
[EventDate "2017.05.10"]
[EventType "swiss"]
[EventRounds "9"]
[EventCountry "DEN"]
[SourceTitle "CBM 178 Extra"]
[Source "ChessBase"]
[SourceDate "2017.06.22"]
[SourceVersion "1"]
[SourceVersionDate "2017.06.22"]
[SourceQuality "1"]

1. d4 Nf6 2. c4 e6 3. Nf3 b6 4. Nc3 Bb7 5. e3 Be7 6. Be2 0-0 7. 0-0 d5 8. b3 Nbd7 9. Bb2 Ne4 10. Ne5 Bd6 11. Nxe4 dxe4 12. Nxd7 Qxd7 13. Qc2 f5 14. f4 exf3 15. Bxf3 Bxf3 16. Rxf3 c5 17. Rd1 Rad8 18. Rff1 Qe7 19. Qf2 Bc7 20. Qf3 Rd6 21. Rf2 Rfd8 22. Rfd2 Qg5 23. h3 R6d7 24. d5 Qg3 25. Bc3 Qh2+ 26. Kf2 e5 27. Qg3 Qxg3+ 28. Kxg3 e4+ 29. Kf2 Bd6 30. Ke2 Rf8 31. Rf1 g5 32. Rdd1 h6 33. a4 a5 34. Rh1 f4 35. Rdf1 Rdf7 36. Bd2 Be5 37. Be1 Kg7 38. Bd2 Kg6 39. Be1 h5 40. Bd2 Bd6 41. Bc3 Rf5 42. Bd2 Be5 43. Be1 R8f7 44. Bd2 f3+ 45. gxf3 Rxf3 46. Be1 R7f5 47. Rxf3 exf3+ 48. Kf1 g4 49. hxg4 hxg4 50. Rg1 Rg5 51. Bg3 Bxg3 52. Rxg3 Kf5 53. Kf2 Rh5 54. Rg1 Rh2+ 55. Kg3 Rh3+ 56. Kf2 Rh2+ 57. Kg3 Rd2 58. Kh4 Rg2 59. Rf1 Rh2+ 60. Kg3 Rh3+ 61. Kf2 Ke4 62. Rg1 Rh2+ 63. Kg3 Rd2 64. Re1 Rg2+ 65. Kh4 f2 66. Rf1 Ke5 0-1

[Event "Copenhagen Challenge"]
[Site "Ballerup"]
[Date "2017.05.11"]
[Round "2"]
[White "Larsen, Preben R"]
[Black "Adinolfi, Vincenzo"]
[Result "1/2-1/2"]
[WhiteElo "1841"]
[BlackElo "2108"]
[PlyCount "69"]
[EventDate "2017.05.10"]
[EventType "swiss"]
[EventRounds "9"]
[EventCountry "DEN"]
[SourceTitle "CBM 178 Extra"]
[Source "ChessBase"]
[SourceDate "2017.06.22"]
[SourceVersion "1"]
[SourceVersionDate "2017.06.22"]
[SourceQuality "1"]

1. e4 c5 2. Nf3 g6 3. d4 cxd4 4. Nxd4 Nc6 5. Be3 Bg7 6. c3 Nf6 7. f3 d5 8. Bb5 Bd7 9. Bxc6 bxc6 10. e5 Ng8 11. f4 e6 12. Nd2 Ne7 13. N2f3 c5 14. Nb3 c4 15. Nbd4 Nf5 16. Nxf5 gxf5 17. Qe2 Bf8 18. Ng5 Be7 19. h4 h5 20. Bd4 Qa5 21. 0-0 Bc5 22. Qf2 Bxd4 23. Qxd4 Qb6 24. Qxb6 axb6 25. Rfd1 Ke7 26. Rd2 Rhg8 27. Kf2 Ra5 28. Nh7 Rga8 29. a3 Bc6 30. Nf6 Rh8 31. Re1 Raa8 32. Re3 Rh6 33. Rg3 Rg6 34. Rxg6 fxg6 35. Nh7 1/2-1/2

[Event "Imperia op-A 43rd"]
[Site "Imperia"]
[Date "2001.09.09"]
[Round "9.30"]
[White "Blasco, Domenico"]
[Black "Adinolfi, Vincenzo"]
[Result "1/2-1/2"]
[WhiteElo "2051"]
[BlackElo "2130"]
[PlyCount "85"]
[EventDate "2001.09.02"]
[EventType "swiss"]
[EventRounds "9"]
[EventCountry "ITA"]
[SourceTitle "EXT 2024"]
[Source "ChessBase"]
[SourceDate "2023.10.10"]
[SourceVersion "1"]
[SourceVersionDate "2023.10.10"]
[SourceQuality "1"]

1. d4 Nf6 2. e3 d5 3. Bd3 c5 4. c3 e6 5. Nd2 Nc6 6. f4 Bd6 7. Nh3 b6 8. 0-0 Qc7 9. b3 Bb7 10. Bb2 0-0-0 11. Qe2 h6 12. Rfc1 cxd4 13. cxd4 Kb8 14. Nf3 Qe7 15. Ne5 Rc8 16. Bb5 Bxe5 17. dxe5 Ne4 18. Nf2 Rhd8 19. a3 Nxf2 20. Qxf2 Na5 21. b4 Nc4 22. Bd4 Rc7 23. Qe1 Rdc8 24. a4 a6 25. Bxc4 Rxc4 26. Bxb6 Qxb4 27. Qxb4 Rxb4 28. Rxc8+ Bxc8 29. a5 Rc4 30. Ra2 Bd7 31. Kf2 Bb5 32. Rb2 Kc8 33. Rd2 Kd7 34. Rb2 Kc6 35. Bd4 Ra4 36. Bb6 Ra3 37. Rc2+ Bc4 38. Rb2 Bb3 39. Kg3 g6 40. Rb1 Kb5 41. Rc1 Bc4 42. Rb1+ Bb3 43. Rc1 1/2-1/2

[Event "Imperia op-A 43rd"]
[Site "Imperia"]
[Date "2001.09.05"]
[Round "5.35"]
[White "Adinolfi, Vincenzo"]
[Black "Bianchi, Alberto"]
[Result "1-0"]
[WhiteElo "1982"]
[BlackElo "1840"]
[PlyCount "88"]
[EventDate "2001.09.02"]
[EventType "swiss"]
[EventRounds "9"]
[EventCountry "ITA"]
[SourceTitle "EXT 2024"]
[Source "ChessBase"]
[SourceDate "2023.10.10"]
[SourceVersion "1"]
[SourceVersionDate "2023.10.10"]
[SourceQuality "1"]

1. Nf3 Nf6 2. c4 e6 3. Nc3 d5 4. d4 Be7 5. Bg5 c6 6. e3 Nbd7 7. Qc2 h6 8. Bh4 0-0 9. Rd1 Re8 10. Be2 Nf8 11. Ne5 N6d7 12. Bxe7 Qxe7 13. f4 a6 14. 0-0 Nxe5 15. fxe5 b5 16. c5 Ra7 17. Rf3 Nd7 18. Rdf1 f5 19. exf6 Nxf6 20. Qg6 Ne4 21. Bd3 Ng5 22. h4 e5 23. hxg5 e4 24. Rf7 Qxf7 25. Rxf7 Rxf7 26. gxh6 Ree7 27. Bc2 Rf6 28. Qg5 Ref7 29. h7+ Kxh7 30. Nxe4 dxe4 31. Bxe4+ g6 32. Bf3 Be6 33. b3 Rf5 34. Qh4+ Kg8 35. Qd8+ Rf8 36. Qd6 Kf7 37. Qxc6 g5 38. d5 Bc8 39. Bg4 Rf6 40. Qc7+ Kg6 41. Bxc8 Rf1+ 42. Kh2 Re1 43. Qd6+ Rf6 44. Qe5 Rf2 1-0

[Event "Cesenatico op 5th"]
[Site "Cesenatico"]
[Date "2000.09.10"]
[Round "9"]
[White "Adinolfi, Vincenzo"]
[Black "Jasnig, Stelio"]
[Result "1/2-1/2"]
[WhiteElo "2132"]
[BlackElo "2056"]
[PlyCount "93"]
[EventDate "2000.09.03"]
[EventType "swiss"]
[EventRounds "9"]
[EventCountry "ITA"]
[SourceTitle "CBM 078 Extra"]
[Source "ChessBase"]
[SourceDate "2000.11.10"]
[SourceVersion "1"]
[SourceVersionDate "2000.11.10"]
[SourceQuality "1"]

1. d4 d5 2. Nf3 Nf6 3. Bg5 Nbd7 4. e3 e6 5. c3 Be7 6. Nbd2 c5 7. Bd3 c4 8. Bc2 b5 9. e4 dxe4 10. Nxe4 Bb7 11. Qe2 Bd5 12. Nxf6+ Bxf6 13. Bf4 0-0 14. 0-0 Re8 15. Rfe1 g6 16. a3 a5 17. Ne5 Nxe5 18. Bxe5 Ra7 19. Qg4 Bg7 20. h4 f5 21. Qf4 Bf6 22. Bxf6 Qxf6 23. Re3 Rg7 24. Qg5 Qf8 25. Re5 Rb8 26. Ree1 b4 27. axb4 axb4 28. Reb1 b3 29. Bd1 Ra8 30. Qe3 Ra2 31. Rxa2 bxa2 32. Ra1 Qa8 33. Bf3 Ra7 34. Qe5 Kf7 35. Bxd5 Qxd5 36. Qxd5 exd5 37. f4 h6 38. Kf2 Kf6 39. g3 g5 40. h5 gxf4 41. gxf4 Ke6 42. Ke3 Kd6 43. Kd2 Kc6 44. Kc2 Kb5 45. b4 Ra3 46. Kb2 Rb3+ 47. Kc2 1/2-1/2

[Event "Cesenatico op 5th"]
[Site "Cesenatico"]
[Date "2000.09.06"]
[Round "5"]
[White "Kowalczyk, Martin"]
[Black "Adinolfi, Vincenzo"]
[Result "1/2-1/2"]
[WhiteElo "2120"]
[BlackElo "2132"]
[PlyCount "173"]
[EventDate "2000.09.03"]
[EventType "swiss"]
[EventRounds "9"]
[EventCountry "ITA"]
[SourceTitle "CBM 078 Extra"]
[Source "ChessBase"]
[SourceDate "2000.11.10"]
[SourceVersion "1"]
[SourceVersionDate "2000.11.10"]
[SourceQuality "1"]

1. e4 c5 2. Nf3 Nc6 3. Bb5 g6 4. 0-0 Bg7 5. c3 d6 6. d4 Bd7 7. dxc5 dxc5 8. Be3 b6 9. Qa4 Qc7 10. Bf4 e5 11. Bg3 a6 12. Rd1 Nge7 13. Nbd2 0-0 14. Bxc6 Bxc6 15. Qc2 b5 16. Ne1 Rfd8 17. Nf1 Bb7 18. f3 Bf8 19. Rxd8 Rxd8 20. Rd1 f6 21. a4 Kg7 22. axb5 axb5 23. Bf2 Nc8 24. Rxd8 Qxd8 25. Qd3 Qxd3 26. Nxd3 c4 27. Nc5 Bxc5 28. Bxc5 Kf7 29. Kf2 Ke6 30. Nd2 Nd6 31. b3 cxb3 32. Nxb3 f5 33. exf5+ Nxf5 34. Bb4 Bd5 35. Nc5+ Kf7 36. Nd7 e4 37. fxe4 Bxe4 38. c4 bxc4 39. Ne5+ Ke6 40. Nxc4 h5 41. g3 Bd5 42. Ne3 Nd4 43. Bc3 Nb5 44. Ba5 Ke5 45. h4 Be6 46. Bd8 Nc3 47. Kf3 Bd5+ 48. Nxd5 Nxd5 49. Ba5 Kf5 50. Bd8 Nb4 51. Bc7 Nc6 52. Bd6 Nd4+ 53. Kg2 Kg4 54. Bb8 Nb3 55. Bc7 Kf5 56. Kf3 Nd2+ 57. Kg2 Ke4 58. Kf2 Nc4 59. Bb8 Nb6 60. Bc7 Nd5 61. Bd6 Nc3 62. Bb8 Nd1+ 63. Kg2 Ke3 64. Bf4+ Ke2 65. Bg5 Nb2 66. Bf4 Nd3 67. Bc7 Ne1+ 68. Kh2 Kf2 69. Bd6 Kf3 70. Bc7 Nd3 71. Bd6 Nf2 72. Bc7 Ng4+ 73. Kh3 Kf2 74. Bb6+ Kf1 75. Bc5 Ke2 76. Kg2 Ne5 77. Bd6 Nd3 78. Bc7 Ne1+ 79. Kh3 Kf3 80. Kh2 Kg4 81. Ba5 Nf3+ 82. Kg2 Nxh4+ 83. gxh4 Kxh4 84. Bd8+ Kg4 85. Kh2 Kf4 86. Kh3 g5 87. Bxg5+ 1/2-1/2

[Event "Cesenatico op 5th"]
[Site "Cesenatico"]
[Date "2000.09.03"]
[Round "1"]
[White "Tomescu, Vlad"]
[Black "Adinolfi, Vincenzo"]
[Result "1-0"]
[WhiteElo "2432"]
[BlackElo "2132"]
[PlyCount "151"]
[EventDate "2000.09.03"]
[EventType "swiss"]
[EventRounds "9"]
[EventCountry "ITA"]
[SourceTitle "CBM 078 Extra"]
[Source "ChessBase"]
[SourceDate "2000.11.10"]
[SourceVersion "1"]
[SourceVersionDate "2000.11.10"]
[SourceQuality "1"]

1. e4 c5 2. Nf3 Nc6 3. d4 cxd4 4. Nxd4 g6 5. Nb3 d6 6. Be2 Be6 7. Nc3 Nf6 8. 0-0 Bg7 9. Bg5 0-0 10. Kh1 Rc8 11. f4 Na5 12. f5 Bc4 13. Bd3 Nxb3 14. axb3 Bxd3 15. Qxd3 a6 16. Qd2 Rxc3 17. Bxf6 Rc5 18. Bxg7 Kxg7 19. Rae1 Qc8 20. c3 f6 21. Re3 Re5 22. Rfe1 Rh8 23. Rh3 g5 24. Rd3 Rc5 25. Rd5 h5 26. Qe3 Rc6 27. Red1 h4 28. R1d3 Kh6 29. Qd2 Qc7 30. g3 hxg3 31. hxg3 Qb6 32. Kg2 Qxb3 33. e5 Qa4 34. R3d4 Qa1 35. exf6 exf6 36. Rxd6 Rxd6 37. Rxd6 Rf8 38. g4 Qa4 39. Kg3 Rf7 40. Rd8 Kg7 41. Rd4 Qa5 42. Rd7 Qc5 43. Kf3 Qb5 44. Rxf7+ Kxf7 45. Qd6 Qf1+ 46. Ke4 Qg2+ 47. Kd3 Qf3+ 48. Kc2 Qe2+ 49. Kb3 Qb5+ 50. Ka2 Qa4+ 51. Kb1 Qe4+ 52. Kc1 Qe1+ 53. Kc2 Qe2+ 54. Kb3 Qb5+ 55. Qb4 Qd7 56. Qe4 Qd1+ 57. Ka2 Qd7 58. Ka3 Qd6+ 59. b4 Qd7 60. c4 Qc7 61. Qe6+ Kg7 62. c5 a5 63. Ka4 axb4 64. Kxb4 Qd8 65. Kb5 Kf8 66. Kc4 Kg7 67. Qd5 Qc7 68. Kb5 Kf8 69. Qe4 Qf7 70. Kb6 Qb3+ 71. Kc7 Qc3 72. Kd6 Qb2 73. Qd5 b5 74. c6 Qa3+ 75. Qc5 b4 76. c7 1-0

[Event "UISP-ch 21st"]
[Site "Palermo"]
[Date "2000.??.??"]
[Round "6"]
[White "Bellipanni, Piero"]
[Black "Adinolfi, Vincenzo"]
[Result "1/2-1/2"]
[WhiteElo "2166"]
[BlackElo "2178"]
[PlyCount "84"]
[EventDate "2000.12.??"]
[EventType "swiss"]
[EventRounds "7"]
[EventCountry "ITA"]
[SourceTitle "EXT 2005"]
[Source "ChessBase"]
[SourceDate "2004.11.15"]
[SourceVersion "1"]
[SourceVersionDate "2004.11.15"]
[SourceQuality "1"]

1. d4 b6 2. c4 Bb7 3. Nc3 g6 4. e4 Bg7 5. Nf3 e6 6. Bg5 Ne7 7. Qd2 h6 8. Be3 d6 9. Bd3 Nd7 10. 0-0 g5 11. b4 Ng6 12. Rac1 0-0 13. d5 a5 14. a3 Qe7 15. Nd4 Nde5 16. Be2 axb4 17. axb4 Kh7 18. Rfd1 Rg8 19. f3 Bf6 20. Bf1 Nf4 21. Kh1 Neg6 22. g3 Nh5 23. Bh3 Ng7 24. f4 gxf4 25. gxf4 e5 26. fxe5 Bxe5 27. Bf5 Bxd4 28. Bxg6+ fxg6 29. Bxd4 Rgf8 30. Rf1 Rxf1+ 31. Rxf1 Rf8 32. Rxf8 Qxf8 33. Kg2 Ba6 34. b5 Bc8 35. Qf2 Qe7 36. Qf6 Qd7 37. Qxg7+ Qxg7 38. Bxg7 Kxg7 39. Kf3 Bh3 40. Ke3 Bf1 41. Kd4 Kf6 42. Na2 Ke7 1/2-1/2